000 00313 a2200121 4500
001 147062
040 _cEscola São Tomás de Aquino
100 _aPARR, Todd
240 1 0 _aTudo bem ser diferente
_lpor
245 1 0 _aTudo bem ser diferente
697 _aProblemas de disciplina. Violência estudantil
942 _cBK
999 _c147062
_d147062